| 000 | 00520nam a2200205Ia 4500 | ||
|---|---|---|---|
| 003 | 0100 | ||
| 008 | 130303s9999 xx 000 0 und d | ||
| 020 | _a9966219331 | ||
| 040 | _cARRUPELIB | ||
| 050 | _aRA664.A25C38 2006 | ||
| 100 | _aCatholic Bishops of Africa and Madagascar | ||
| 245 | _aSpeak out on HIV & AIDS | ||
| 245 | _bout prayer is always full of hope | ||
| 260 | _aNairobi | ||
| 260 | _bPaulines Publications Africa | ||
| 260 | _C2006 | ||
| 300 | _a152p. | ||
| 300 | _b 21cm | ||
| 942 |
_2lcc _01 |
||
| 999 |
_c63744 _d63744 |
||